00871nam a2200265Ia 450000500170000000800370001702000150005404100080006908200180007710000230009524501030011825000180022130000630023949000160030265000230031865000230034165000330036465000330039770000240043026400280045433600270048233700330050933800280054204000350057020220317001903.0170410s2002 s a g 000 0 s a8430535756 aspa04a631.583bA52c1 aAndrés, Fabienne10aCómo cultivar plantas en tu propio invernaderocFabienne Andrés ; traducido por Teresa López a1a. edición a95 páginasbilustraciones, fotografías en colorc21 cm aTu Jardín142LEMBaInvernaderos142LEMBaJardinería142LEMBaPlantas de invernadero142LEMBaCultivo en invernadero1 aLópez, Ma. Teresa aMadridbSusaetac[2002] atextobtxt2rdacontent asin mediaciónbn2rdamedia avolumenbnc2rdacarrier aCO-BoRNBPbspaerdacCO-BoRNBP